[Event "Jorge Szmetan Mem 2017"]
[Site "Buenos Aires ARG"]
[Date "2017.04.20"]
[Round "4.4"]
[White "Garcia Palermo, Carlos"]
[Black "Morovic Fernandez, Ivan"]
[Result "1-0"]
[WhiteTitle "GM"]
[BlackTitle "GM"]
[WhiteElo "2450"]
[BlackElo "2527"]
[WhiteFideId "110124"]
[BlackFideId "3405400"]
[EventDate "2017.04.17"]
[EventType "tourn"]

1. d4 Nf6 2. c4 e6 3. Nf3 b6 4. a3 Bb7 5. Nc3 d5 6. Bg5 Be7 7. Qa4+ c6 8. cxd5
Nxd5 9. Bxe7 Qxe7 10. Rc1 Nd7 11. g3 O-O 12. Nxd5 exd5 13. Bh3 Nf6 14. e3 c5 15.
O-O c4 16. b3 a6 17. Ne5 b5 18. Qa5 Ne4 19. a4 f6 20. Nf3 Qd8 21. Qb4 Qd6 22.
Qxd6 Nxd6 23. bxc4 dxc4 24. Be6+ Kh8 25. d5 Bc8 26. axb5 axb5 27. Rb1 Ra4 28.
Rfd1 b4 29. Rd4 Rd8 30. e4 Ra6 31. e5 fxe5 32. Nxe5 b3 33. Ng6+ 1-0

[Event "Jorge Szmetan Mem 2017"]
[Site "Buenos Aires ARG"]
[Date "2017.04.20"]
[Round "4.5"]
[White "Darcyl, Tomas"]
[Black "Sosa, Tomas ARG"]
[Result "0-1"]
[WhiteTitle "IM"]
[BlackTitle "IM"]
[WhiteElo "2405"]
[BlackElo "2459"]
[WhiteFideId "100404"]
[BlackFideId "121576"]
[EventDate "2017.04.17"]
[EventType "tourn"]

1. Nf3 Nf6 2. g3 b5 3. Bg2 Bb7 4. Na3 a6 5. c4 b4 6. Nc2 c5 7. a3 bxa3 8. b3 e6
9. Bxa3 Be7 10. O-O O-O 11. Ne3 d6 12. b4 cxb4 13. Bxb4 a5 14. Ba3 Nbd7 15. d4
Qc7 16. d5 e5 17. Nf5 Rfe8 18. c5 Nxc5 19. Nxe5 Bf8 20. Nc4 Rac8 21. Rc1 Qd8 22.
Qd2 Nfe4 23. Qf4 Bxd5 24. f3 Nb3 25. Rcd1 Nc3 26. Qg4 Rxc4 27. f4 Nxe2+ 28. Kh1
Bxg2+ 29. Kxg2 g6 30. Bxd6 Qc8 31. Rd5 Qc6 32. Rd1 Ned4 0-1

[Event "Jorge Szmetan Mem 2017"]
[Site "Buenos Aires ARG"]
[Date "2017.04.21"]
[Round "5.1"]
[White "Bachmann, Axel"]
[Black "Granda Zuniga, Julio E"]
[Result "1/2-1/2"]
[WhiteTitle "GM"]
[BlackTitle "GM"]
[WhiteElo "2646"]
[BlackElo "2658"]
[WhiteFideId "3700488"]
[BlackFideId "3800024"]
[EventDate "2017.04.17"]
[EventType "tourn"]

1. d4 Nf6 2. c4 e6 3. g3 Bb4+ 4. Bd2 Qe7 5. Bg2 O-O 6. Nf3 b6 7. Ne5 d5 8. O-O
Bxd2 9. Nxd2 Bb7 10. cxd5 exd5 11. Rc1 c5 12. Qa4 Rc8 13. Rfe1 Na6 14. e4 Qe8
15. Qa3 cxd4 16. Rxc8 Qxc8 17. exd5 Bxd5 18. Bxd5 Nxd5 19. Qf3 Qe6 20. Nb3 Nac7
21. Nxd4 Qf6 22. Qxf6 Nxf6 23. Nec6 Nfd5 24. Ne7+ Kf8 25. Nxd5 Nxd5 26. Nc6 a6
27. Rd1 Rc8 28. Rxd5 Rxc6 29. Rd3 Rc2 30. Rb3 b5 31. Ra3 Rc6 32. Kf1 Ke7 33. Ke2
Rc2+ 34. Ke3 Rxb2 35. Rxa6 b4 36. h4 b3 37. axb3 1/2-1/2

[Event "Jorge Szmetan Mem 2017"]
[Site "Buenos Aires ARG"]
[Date "2017.04.21"]
[Round "5.2"]
[White "Sosa, Tomas ARG"]
[Black "Flores, Diego"]
[Result "0-1"]
[WhiteTitle "IM"]
[BlackTitle "GM"]
[WhiteElo "2459"]
[BlackElo "2568"]
[WhiteFideId "121576"]
[BlackFideId "108049"]
[EventDate "2017.04.17"]
[EventType "tourn"]

1. e4 e5 2. Nf3 Nc6 3. Bc4 Bc5 4. O-O Nf6 5. d3 d6 6. c3 Bb6 7. a4 h6 8. Na3 O-O
9. Ba2 a6 10. h3 Ne7 11. Nc4 Ba7 12. Nh4 g5 13. Qf3 Kg7 14. Nf5+ Nxf5 15. exf5
Re8 16. Re1 Bd7 17. Ne3 e4 18. dxe4 Rxe4 19. Bd2 Bc6 20. Nd5 Rxa4 21. c4 Bxd5
22. cxd5 Rd4 23. Re2 Bb6 24. g3 Rxd2 25. Rxd2 Qe8 26. Re2 Qa4 27. Kg2 Re8 28. b3
Qd4 29. Rxe8 Qxa1 30. Re2 Qd4 31. Bb1 a5 32. Be4 Bc5 33. g4 b5 34. h4 gxh4 35.
Qf4 Nxd5 36. f6+ Qxf6 37. Qxf6+ Nxf6 38. Bc6 a4 39. bxa4 bxa4 40. Bxa4 Nxg4 41.
f4 Ne3+ 42. Kf3 Nf5 43. Kg4 Kf6 44. Re8 h5+ 45. Kxh5 Ng7+ 46. Kxh4 Nxe8 47. Bxe8
d5 48. Kg4 Ke7 49. Bb5 Bd4 50. f5 f6 51. Kf3 Kd6 52. Ke2 c5 53. Kd3 Be5 54. Be8
c4+ 55. Kd2 Kc5 56. Bf7 d4 57. Be6 d3 58. Ke3 Bf4+ 0-1

[Event "Jorge Szmetan Mem 2017"]
[Site "Buenos Aires ARG"]
[Date "2017.04.21"]
[Round "5.3"]
[White "Morovic Fernandez, Ivan"]
[Black "Darcyl, Tomas"]
[Result "1/2-1/2"]
[WhiteTitle "GM"]
[BlackTitle "IM"]
[WhiteElo "2527"]
[BlackElo "2405"]
[WhiteFideId "3405400"]
[BlackFideId "100404"]
[EventDate "2017.04.17"]
[EventType "tourn"]

1. d4 Nf6 2. Nf3 g6 3. Nbd2 d5 4. e3 Bg7 5. b4 O-O 6. Bb2 Bf5 7. c4 c6 8. Be2
Nbd7 9. O-O Ne4 10. a4 Nxd2 11. Nxd2 e5 12. cxd5 cxd5 13. dxe5 Nxe5 14. Bd4 Re8
15. Qb3 Nc4 16. Nxc4 Bxd4 17. Rad1 Bg7 18. Na5 Qe7 19. Bb5 Rec8 1/2-1/2

[Event "Jorge Szmetan Mem 2017"]
[Site "Buenos Aires ARG"]
[Date "2017.04.21"]
[Round "5.4"]
[White "Pichot, Alan"]
[Black "Garcia Palermo, Carlos"]
[Result "1-0"]
[WhiteTitle "GM"]
[BlackTitle "GM"]
[WhiteElo "2556"]
[BlackElo "2450"]
[WhiteFideId "110973"]
[BlackFideId "110124"]
[EventDate "2017.04.17"]
[EventType "tourn"]

1. e4 c6 2. d4 d5 3. e5 Bf5 4. Nf3 e6 5. Be2 Nd7 6. O-O Bg6 7. a4 Be7 8. a5 Nh6
9. a6 b6 10. c4 dxc4 11. Bxc4 Nf5 12. g4 Nh6 13. h3 b5 14. Bb3 Nb6 15. Nc3 Ng8
16. d5 Nxd5 17. Bxd5 cxd5 18. Nxb5 h5 19. g5 Be4 20. Nfd4 Bxg5 21. Nc6 Qd7 22.
Nd6+ Kf8 23. Nxe4 Bxc1 24. Rxc1 Rc8 25. Qa4 Ne7 26. Nc5 1-0

[Event "Jorge Szmetan Mem 2017"]
[Site "Buenos Aires ARG"]
[Date "2017.04.21"]
[Round "5.5"]
[White "Hoffman, Alejandro"]
[Black "Slipak, Sergio"]
[Result "1/2-1/2"]
[WhiteTitle "GM"]
[BlackTitle "GM"]
[WhiteElo "2488"]
[BlackElo "2465"]
[WhiteFideId "100340"]
[BlackFideId "100250"]
[EventDate "2017.04.17"]
[EventType "tourn"]

1. d4 d5 2. c4 e6 3. Nc3 a6 4. cxd5 exd5 5. Nf3 Nf6 6. Bg5 Be6 7. Rc1 Nbd7 8. e3
Bd6 9. Bd3 c6 10. O-O O-O 11. Qc2 Qc7 12. Bh4 h6 13. Bg3 Bxg3 14. hxg3 a5 15. a3
Qd6 16. Na4 Rfe8 17. Nc5 Nxc5 18. dxc5 Qc7 19. b4 Bd7 20. Nd4 axb4 21. axb4 Ng4
22. Ra1 Qe5 23. Bf5 Nf6 24. Bxd7 Nxd7 25. Qf5 Qc7 26. Qf4 Qxf4 27. gxf4 g6 28.
Rfb1 Kg7 29. g3 h5 30. Kg2 Nf6 31. Ra5 Rxa5 32. bxa5 Re7 33. Rb6 Rc7 34. Nb3 Nd7
35. Rb4 Nb8 36. f3 Na6 37. Rb6 f5 38. Kf2 Re7 39. Ke2 d4 40. Nxd4 Nxc5 41. a6
Nxa6 42. Nxc6 bxc6 43. Rxa6 Re6 44. Kd3 Rd6+ 45. Ke2 Re6 46. Ra7+ Kf6 47. Rh7
Re8 48. Rc7 Re6 49. Kf2 g5 50. Rh7 Kg6 51. Rh8 gxf4 52. gxf4 Re7 53. Rc8 Re6 54.
Rg8+ Kh6 55. Rf8 Kg6 56. Rc8 Kg7 57. Rc7+ Kg6 58. Kg3 Rxe3 59. Rxc6+ Kf7 60. Kh4
Rxf3 61. Kg5 Ra3 62. Rf6+ Kg7 63. Rg6+ Kf7 64. Rh6 Ra5 65. Rh7+ Kg8 66. Rxh5 Kg7
67. Rh6 Rb5 68. Ra6 Rc5 69. Ra7+ Kf8 70. Kf6 Rc6+ 71. Kxf5 1/2-1/2

[Event "Jorge Szmetan Mem 2017"]
[Site "Buenos Aires ARG"]
[Date "2017.04.21"]
[Round "5.6"]
[White "Mareco, Sandro"]
[Black "Van Riemsdijk, Herman C."]
[Result "1-0"]
[WhiteTitle "GM"]
[BlackTitle "IM"]
[WhiteElo "2655"]
[BlackElo "2318"]
[WhiteFideId "112275"]
[BlackFideId "2100053"]
[EventDate "2017.04.17"]
[EventType "tourn"]

1. e4 e5 2. Nf3 Nc6 3. Bb5 a6 4. Ba4 Nf6 5. O-O Be7 6. Re1 b5 7. Bb3 d6 8. c3
O-O 9. h3 Na5 10. Bc2 c5 11. d4 cxd4 12. cxd4 Qc7 13. Nbd2 Be6 14. Nf1 Rac8 15.
Bd3 Nc4 16. b3 Nb6 17. Bb2 exd4 18. Nxd4 Nbd7 19. Ng3 Nc5 20. Ndf5 Nxd3 21. Qxd3
Ne8 22. Rad1 Bg5 23. h4 Bxf5 24. Nxf5 Bd8 25. e5 dxe5 26. Bxe5 Qa7 27. Qh3 Ra8
28. Rd7 Qb6 29. Bd4 Qa5 30. Rxe8 Rxe8 31. Qg3 Re1+ 32. Kh2 g6 33. Nh6+ Kf8 34.
Rxf7+ Ke8 35. Qd6 1-0

[Event "Jorge Szmetan Mem 2017"]
[Site "Buenos Aires ARG"]
[Date "2017.04.22"]
[Round "6.1"]
[White "Granda Zuniga, Julio E"]
[Black "Van Riemsdijk, Herman C."]
[Result "1-0"]
[WhiteTitle "GM"]
[BlackTitle "IM"]
[WhiteElo "2658"]
[BlackElo "2318"]
[WhiteFideId "3800024"]
[BlackFideId "2100053"]
[EventDate "2017.04.17"]
[EventType "tourn"]

1. e4 e5 2. Nf3 Nc6 3. Bc4 Nf6 4. Ng5 d5 5. exd5 Na5 6. Bb5+ c6 7. dxc6 bxc6 8.
Qf3 Be7 9. Be2 O-O 10. Qd3 Qc7 11. Nc3 g6 12. Qg3 Nd5 13. O-O f6 14. Nh3 Bf5 15.
d3 Nb7 16. Bg4 Nd6 17. f3 Nxc3 18. bxc3 Qa5 19. Qe1 Bxg4 20. fxg4 Qa4 21. Qd1
Nb5 22. Bd2 Na3 23. Rc1 Nb5 24. c4 Nd4 25. c3 Qxd1 26. Rcxd1 Ne6 27. Kf2 Rfd8
28. Ke2 Rd7 29. Be3 Rb8 30. Rd2 Kg7 31. g3 a5 32. d4 exd4 33. cxd4 Rb4 34. Rc1
Ra4 35. d5 Nc7 36. Rcc2 cxd5 37. Nf4 Bb4 38. Rd1 Kf7 39. Nxd5 Nxd5 40. cxd5 Bd6
41. g5 f5 42. Rd3 Rb7 43. Rd4 Rxd4 44. Bxd4 Rb5 45. Kd3 f4 46. Rc6 Ke7 47. gxf4
Rxd5 48. Ke4 Rb5 49. Ra6 Rb4 50. Rxa5 Bxf4 51. a3 Rc4 52. Kd5 Rc7 53. h4 Rd7+
54. Ke4 Bg3 55. Bc5+ Kd8 56. h5 gxh5 57. Ra6 h4 58. Rh6 Be1 59. Bd4 Kc7 60. a4
Kb7 61. Be5 Ka8 62. Bd4 Kb7 63. Rb6+ Kc7 64. Rb5 Kc6 65. Be3 Bd2 66. Rc5+ Kb7
67. Bxd2 Rxd2 68. Rf5 Ra2 69. Rf7+ Kc6 70. Rxh7 Rxa4+ 71. Ke5 Ra1 72. g6 Rg1 73.
g7 h3 74. Kf6 Rf1+ 75. Ke7 Rg1 76. Kf7 Rf1+ 77. Kg8 Rf3 78. Kh8 1-0

[Event "Jorge Szmetan Mem 2017"]
[Site "Buenos Aires ARG"]
[Date "2017.04.22"]
[Round "6.2"]
[White "Slipak, Sergio"]
[Black "Mareco, Sandro"]
[Result "1/2-1/2"]
[WhiteTitle "GM"]
[BlackTitle "GM"]
[WhiteElo "2465"]
[BlackElo "2655"]
[WhiteFideId "100250"]
[BlackFideId "112275"]
[EventDate "2017.04.17"]
[EventType "tourn"]

1. d4 e6 2. c4 Nf6 3. Nc3 Bb4 4. Bd2 d5 5. e3 O-O 6. Nf3 b6 7. cxd5 exd5 8. Bd3
Bb7 9. O-O Nbd7 10. Rc1 Re8 11. Nb5 Bd6 12. Qc2 Re7 1/2-1/2

[Event "Jorge Szmetan Mem 2017"]
[Site "Buenos Aires ARG"]
[Date "2017.04.22"]
[Round "6.3"]
[White "Garcia Palermo, Carlos"]
[Black "Hoffman, Alejandro"]
[Result "0-1"]
[WhiteTitle "GM"]
[BlackTitle "GM"]
[WhiteElo "2450"]
[BlackElo "2488"]
[WhiteFideId "110124"]
[BlackFideId "100340"]
[EventDate "2017.04.17"]
[EventType "tourn"]

1. d4 d5 2. c4 e6 3. Nf3 Nf6 4. e3 Be7 5. Nbd2 O-O 6. b3 b6 7. Bb2 Bb7 8. Bd3 c5
9. O-O cxd4 10. exd4 Nc6 11. Rc1 Rc8 12. Qe2 Re8 13. Rfd1 Bf8 14. Nf1 g6 15. Bc3
Ba3 16. Rb1 Nb4 17. Ne5 Nxd3 18. Rxd3 dxc4 19. Rh3 cxb3 20. Rxb3 Bf8 21. Bb2 Bg7
22. Ne3 Nd5 0-1

[Event "Jorge Szmetan Mem 2017"]
[Site "Buenos Aires ARG"]
[Date "2017.04.22"]
[Round "6.4"]
[White "Darcyl, Tomas"]
[Black "Pichot, Alan"]
[Result "1/2-1/2"]
[WhiteTitle "IM"]
[BlackTitle "GM"]
[WhiteElo "2405"]
[BlackElo "2556"]
[WhiteFideId "100404"]
[BlackFideId "110973"]
[EventDate "2017.04.17"]
[EventType "tourn"]

1. Nf3 Nf6 2. g3 d5 3. Bg2 g6 4. O-O Bg7 5. d4 O-O 6. Nbd2 c5 7. dxc5 Nc6 8. c3
a5 9. Nd4 e5 10. Nxc6 bxc6 11. e4 d4 12. cxd4 Qxd4 13. Nf3 Qxc5 14. Be3 Qe7 15.
Qc2 Re8 16. Rfd1 Qb4 17. Nd2 Be6 18. Bc5 Qb5 19. Bf1 Qb8 20. Nc4 Bf8 21. Bxf8
Rxf8 22. f3 Nd7 23. Qc3 Qa7+ 24. Qe3 Qxe3+ 25. Nxe3 Rfb8 26. Rd2 Rb4 27. Rc1 Nb6
28. Rxc6 Bxa2 29. Nd5 Nxd5 30. exd5 Rd8 31. d6 Be6 32. Rc5 Rd4 33. Rxd4 exd4 34.
Rxa5 Rxd6 35. Bd3 Rc6 36. Ra4 Rc1+ 37. Kf2 Rh1 38. b4 Rxh2+ 39. Ke1 Bd5 40. f4
Rg2 41. b5 Rxg3 42. Rxd4 Bh1 43. Kd2 h5 44. b6 h4 45. f5 h3 46. fxg6 fxg6 47. b7
Bxb7 48. Rd8+ Kg7 49. Rd7+ Kh8 50. Rxb7 Rg2+ 51. Ke3 h2 52. Rb1 Rg1 53. Rb8+ Kg7
54. Be4 Re1+ 55. Kf2 Rxe4 56. Kg2 Rh4 57. Kh1 Kh6 58. Rb5 g5 59. Rb2 Kh5 60. Rb8
Kg4 61. Rb4+ Kg3 62. Rxh4 Kxh4 63. Kxh2 1/2-1/2

[Event "Jorge Szmetan Mem 2017"]
[Site "Buenos Aires ARG"]
[Date "2017.04.22"]
[Round "6.5"]
[White "Flores, Diego"]
[Black "Morovic Fernandez, Ivan"]
[Result "1-0"]
[WhiteTitle "GM"]
[BlackTitle "GM"]
[WhiteElo "2568"]
[BlackElo "2527"]
[WhiteFideId "108049"]
[BlackFideId "3405400"]
[EventDate "2017.04.17"]
[EventType "tourn"]

1. c4 e5 2. g3 Nf6 3. Bg2 d5 4. cxd5 Nxd5 5. Nc3 Nb6 6. e3 Be7 7. Nge2 Nc6 8.
O-O O-O 9. f4 exf4 10. Nxf4 Ne5 11. b3 c6 12. Bb2 Ng6 13. Qc2 Nxf4 14. Rxf4 Be6
15. Be4 g6 16. Ne2 Nd5 17. Bxd5 Qxd5 18. Nc3 Qd7 19. Ne4 Bf5 20. Raf1 Rad8 21.
Qc3 f6 22. g4 Bxe4 23. Rxe4 Rf7 24. Rf2 c5 25. g5 b5 26. gxf6 Bf8 27. Qc2 Qc6
28. Rg4 Qd7 29. Rfg2 Qe6 30. Qe4 Qxe4 31. Rxe4 Rfd7 32. d4 Rd6 33. Rf4 Kf7 34.
Rc2 Ra6 35. a3 Re6 36. Rf3 Rd5 37. Kf2 Bd6 38. h3 b4 39. a4 a5 40. Rc4 g5 41.
Ke2 h5 42. Kd3 g4 43. Rf1 cxd4 44. Bxd4 gxh3 45. Rc8 h2 46. Rh8 Rg5 47. Rh7+ Kg8
48. Rd7 Bf8 49. Rh1 Rd6 50. Ra7 Rd8 51. Rxh2 Bd6 52. Rf2 Kf8 53. Ke2 Rd5 54. f7
Rc8 55. Bg7+ 1-0

[Event "Jorge Szmetan Mem 2017"]
[Site "Buenos Aires ARG"]
[Date "2017.04.22"]
[Round "6.6"]
[White "Bachmann, Axel"]
[Black "Sosa, Tomas ARG"]
[Result "0-1"]
[WhiteTitle "GM"]
[BlackTitle "IM"]
[WhiteElo "2646"]
[BlackElo "2459"]
[WhiteFideId "3700488"]
[BlackFideId "121576"]
[EventDate "2017.04.17"]
[EventType "tourn"]

1. Nf3 Nf6 2. d4 g6 3. g3 Bg7 4. Bg2 O-O 5. O-O d6 6. b3 Nc6 7. Bb2 e5 8. dxe5
Nd7 9. c4 dxe5 10. Ne1 Nc5 11. Nc2 Nd4 12. Nc3 Bf5 13. Ne3 c6 14. b4 Nd7 15.
Nxf5 Nxf5 16. e3 a5 17. b5 Qc7 18. bxc6 bxc6 19. Qc2 Rfd8 20. Ba3 Nd6 21. Na4
Bf8 22. Rfd1 Nb7 23. Bxf8 Kxf8 24. c5 Nf6 25. Rdb1 Ra7 26. Rb3 e4 27. Rab1 Qe7
28. Bh3 Rd5 29. Rc3 Rh5 30. Bg2 Nd8 31. Rc4 Re5 32. Nb6 Rc7 33. Qc3 Nb7 34. Bh3
Rh5 35. Nd7+ Kg7 36. Rd1 Rxh3 37. Rxe4 Qd8 38. Re8 Qxd7 39. Rxd7 Rxd7 40. Rc8
Nd8 41. g4 Ne6 42. Qa1 h5 43. Rxc6 hxg4 44. Rd6 Rc7 45. c6 Rh5 46. Qb2 Rc5 47.
Qb6 Nd5 48. Qb2+ Nf6 49. Qb6 Nd5 50. Qb2+ Kh7 51. Qe2 Rc1+ 0-1

[Event "Jorge Szmetan Mem 2017"]
[Site "Buenos Aires ARG"]
[Date "2017.04.23"]
[Round "7.1"]
[White "Sosa, Tomas ARG"]
[Black "Granda Zuniga, Julio E"]
[Result "1/2-1/2"]
[WhiteTitle "IM"]
[BlackTitle "GM"]
[WhiteElo "2459"]
[BlackElo "2658"]
[WhiteFideId "121576"]
[BlackFideId "3800024"]
[EventDate "2017.04.17"]
[EventType "tourn"]

1. Nf3 d5 2. c4 d4 3. b4 c5 4. e3 dxe3 5. fxe3 cxb4 6. a3 e6 7. d4 bxa3 8. Bd3
Bb4+ 9. Nbd2 Nc6 10. O-O Nf6 11. Bxa3 Bxa3 12. Rxa3 O-O 13. Ne4 Nxe4 14. Bxe4
Bd7 15. Qb3 f5 16. Bc2 b6 17. e4 Na5 18. Qd3 Qc7 19. Ne5 Nc6 20. Nxc6 Qxc6 21.
exf5 exf5 22. Bd1 Qc7 23. Bf3 Rac8 24. c5 bxc5 25. Qc4+ Kh8 26. Qxc5 Qxc5 27.
dxc5 Bb5 28. Rfa1 a6 29. Bb7 Rxc5 30. Bxa6 Bc6 31. Be2 g5 32. Bf3 Be8 33. Ra8
Kg7 34. h3 Bg6 35. Rxf8 Kxf8 36. Ra7 h5 37. Kf2 g4 38. hxg4 hxg4 39. Bd1 Rc3 40.
Ra4 g3+ 41. Ke1 Re3+ 42. Kd2 Re5 43. Ra3 f4 44. Bf3 Kg7 45. Ra4 Rf5 46. Be4 Be8
47. Bxf5 Bxa4 48. Ke2 Kf6 49. Bd3 Ke5 50. Kf1 Kd4 51. Ba6 Bc6 52. Kg1 Ke3 53.
Bc4 1/2-1/2

[Event "Jorge Szmetan Mem 2017"]
[Site "Buenos Aires ARG"]
[Date "2017.04.23"]
[Round "7.2"]
[White "Morovic Fernandez, Ivan"]
[Black "Bachmann, Axel"]
[Result "1/2-1/2"]
[WhiteTitle "GM"]
[BlackTitle "GM"]
[WhiteElo "2527"]
[BlackElo "2646"]
[WhiteFideId "3405400"]
[BlackFideId "3700488"]
[EventDate "2017.04.17"]
[EventType "tourn"]

1. d4 Nf6 2. Nf3 e6 3. e3 c5 4. Bd3 b6 5. O-O Bb7 6. Nbd2 Nc6 7. c3 d5 8. Re1
Be7 9. dxc5 bxc5 10. e4 Qc7 11. exd5 exd5 12. Nf1 O-O 13. Bg5 Rfe8 14. Ne3 d4
15. Nf5 dxc3 16. Nxe7+ Nxe7 17. Bxf6 gxf6 18. bxc3 Ng6 19. Rxe8+ Rxe8 20. Qa4
Bc6 21. Bb5 Re4 22. Qa6 Bb7 23. Qxf6 Rf4 24. Qg5 Bxf3 25. gxf3 Rxf3 26. Rd1 Kg7
27. Rd3 Rf4 28. Rh3 Qd6 29. Qh5 c4 30. Qh6+ Kf6 31. Rg3 Qd2 32. Qg5+ Kg7 33.
Qe5+ Rf6 34. Qd4 Qxd4 35. cxd4 Rd6 36. Bxc4 Rxd4 37. Bb3 a5 38. Kf1 a4 39. Bc2
Rc4 40. Bd1 Rd4 41. Ke1 Re4+ 42. Kd2 Rd4+ 43. Ke1 Re4+ 44. Kd2 Rd4+ 1/2-1/2

[Event "Jorge Szmetan Mem 2017"]
[Site "Buenos Aires ARG"]
[Date "2017.04.23"]
[Round "7.3"]
[White "Pichot, Alan"]
[Black "Flores, Diego"]
[Result "1/2-1/2"]
[WhiteTitle "GM"]
[BlackTitle "GM"]
[WhiteElo "2556"]
[BlackElo "2568"]
[WhiteFideId "110973"]
[BlackFideId "108049"]
[EventDate "2017.04.17"]
[EventType "tourn"]

1. e4 e5 2. Nf3 Nc6 3. d4 exd4 4. Nxd4 Bb4+ 5. c3 Bc5 6. Be3 Bb6 7. Nf5 g6 8.
Bxb6 axb6 9. Ne3 Nf6 10. f3 O-O 11. c4 Nh5 12. Qd2 f5 13. exf5 Qh4+ 14. Qf2 Qd4
15. Nc3 Re8 16. Ne4 Nf6 17. Bd3 d5 18. cxd5 Nb4 19. Bb1 Nxe4 20. fxe4 Nd3+ 21.
Bxd3 Qxd3 22. fxg6 Bf5 23. gxh7+ Bxh7 24. e5 Rxa2 25. Rd1 Qb5 26. e6 Rxb2 27.
Rd2 Rxd2 28. Qxd2 Qb1+ 29. Qd1 Qb4+ 30. Kf2 Rf8+ 31. Kg1 Qc3 32. Qe2 Qa1+ 33.
Qd1 Qc3 34. Qe2 Qc1+ 35. Nd1 Qc5+ 36. Ne3 Qc1+ 37. Nd1 Qc5+ 38. Ne3 Qc1+ 1/2-1/2

[Event "Jorge Szmetan Mem 2017"]
[Site "Buenos Aires ARG"]
[Date "2017.04.23"]
[Round "7.4"]
[White "Hoffman, Alejandro"]
[Black "Darcyl, Tomas"]
[Result "1/2-1/2"]
[WhiteTitle "GM"]
[BlackTitle "IM"]
[WhiteElo "2488"]
[BlackElo "2405"]
[WhiteFideId "100340"]
[BlackFideId "100404"]
[EventDate "2017.04.17"]
[EventType "tourn"]

1. d4 Nf6 2. c4 g6 3. Nc3 d5 4. Bg5 Bg7 5. Bxf6 Bxf6 6. cxd5 c6 7. dxc6 Qxd4 8.
Qxd4 Bxd4 9. cxb7 Bxc3+ 10. bxc3 Bxb7 11. e3 O-O 12. Rb1 Be4 13. Rb4 Bd5 14. c4
Nc6 15. Rb5 Be6 1/2-1/2

[Event "Jorge Szmetan Mem 2017"]
[Site "Buenos Aires ARG"]
[Date "2017.04.23"]
[Round "7.5"]
[White "Mareco, Sandro"]
[Black "Garcia Palermo, Carlos"]
[Result "1-0"]
[WhiteTitle "GM"]
[BlackTitle "GM"]
[WhiteElo "2655"]
[BlackElo "2450"]
[WhiteFideId "112275"]
[BlackFideId "110124"]
[EventDate "2017.04.17"]
[EventType "tourn"]

1. e4 c6 2. d4 d5 3. e5 Bf5 4. Nf3 e6 5. Be2 Nd7 6. O-O Bg6 7. a4 Ne7 8. a5 a6
9. b4 Nc8 10. c3 Na7 11. Ne1 Nb5 12. Bd3 f6 13. Qc2 Kf7 14. f4 Be7 15. Nd2 Rf8
16. exf6 gxf6 17. f5 exf5 18. Ndf3 Rg8 19. Nh4 Nd6 20. g3 Nf8 21. Neg2 Ne6 22.
Nxf5 Nxf5 23. Bxf5 Qd7 24. Nh4 Rae8 25. Bh6 Bxf5 26. Qxf5 Nf8 27. Qh5+ Ng6 28.
Nf3 1-0

[Event "Jorge Szmetan Mem 2017"]
[Site "Buenos Aires ARG"]
[Date "2017.04.24"]
[Round "8.1"]
[White "Granda Zuniga, Julio E"]
[Black "Slipak, Sergio"]
[Result "1-0"]
[WhiteTitle "GM"]
[BlackTitle "GM"]
[WhiteElo "2658"]
[BlackElo "2465"]
[WhiteFideId "3800024"]
[BlackFideId "100250"]
[EventDate "2017.04.17"]
[EventType "tourn"]

1. e4 e5 2. Nf3 Nf6 3. Nxe5 d6 4. Nf3 Nxe4 5. Nc3 Nxc3 6. dxc3 Be7 7. Bf4 Nc6 8.
Qd2 Be6 9. O-O-O Qd7 10. Ng5 Bxg5 11. Bxg5 f6 12. Be3 O-O-O 13. Bb5 a6 14. Be2
Ne5 15. b3 Ng4 16. Bd4 h5 17. f4 h4 18. h3 Nh6 19. Bf3 Nf5 20. Bf2 d5 21. Rhe1
Rhe8 22. Bh5 Rh8 23. Bg4 Rde8 24. c4 d4 25. c3 c5 26. cxd4 cxd4 27. Rxe6 Rxe6
28. Bxd4 Nxd4 29. Qxd4 1-0

[Event "Jorge Szmetan Mem 2017"]
[Site "Buenos Aires ARG"]
[Date "2017.04.24"]
[Round "8.2"]
[White "Garcia Palermo, Carlos"]
[Black "Van Riemsdijk, Herman C."]
[Result "1/2-1/2"]
[WhiteTitle "GM"]
[BlackTitle "IM"]
[WhiteElo "2450"]
[BlackElo "2318"]
[WhiteFideId "110124"]
[BlackFideId "2100053"]
[EventDate "2017.04.17"]
[EventType "tourn"]

1. d4 Nf6 2. c4 e6 3. Nf3 d5 4. g3 Be7 5. Bg2 O-O 6. O-O dxc4 7. Qc2 a6 8. Qxc4
b5 9. Qc2 Bb7 10. Bd2 Be4 11. Qc1 c5 12. dxc5 Nbd7 13. b4 a5 14. Nc3 axb4 15.
Nxe4 Nxe4 16. Bxb4 Bxc5 17. Qb1 Qe7 18. Qxe4 Bxb4 19. Rab1 Ra4 20. Nd4 Bc3 21.
Nc6 Qc5 22. Qd3 Ne5 23. Nxe5 Bxe5 24. Rxb5 Qc3 25. Qxc3 Bxc3 26. Rc1 Bf6 27. Rc2
Ra7 28. Rb7 Rxb7 29. Bxb7 Rb8 30. a4 Bd8 31. Ba6 Bb6 32. h4 Kf8 33. Kg2 Ke7 34.
f4 Rd8 35. Bb5 f6 36. Bd3 h6 37. Rb2 Ba5 38. Kf3 Rd4 39. Rb7+ Rd7 40. Rb1 Rd4
41. Kg4 f5+ 42. Kh5 Kf6 43. Rb8 Rd8 44. Rxd8 Bxd8 45. g4 fxg4 46. Kxg4 g6 47. h5
gxh5+ 48. Kxh5 Ba5 49. e4 Bd2 50. e5+ Ke7 51. Kg4 h5+ 52. Kf3 h4 53. Bf1 Kd7 54.
Bh3 Bb4 55. Ke4 Bd2 56. f5 exf5+ 57. Kd5 Kc7 58. e6 Bg5 59. Bxf5 Kb6 60. a5+ 1/2-1/2

[Event "Jorge Szmetan Mem 2017"]
[Site "Buenos Aires ARG"]
[Date "2017.04.24"]
[Round "8.3"]
[White "Darcyl, Tomas"]
[Black "Mareco, Sandro"]
[Result "0-1"]
[WhiteTitle "IM"]
[BlackTitle "GM"]
[WhiteElo "2405"]
[BlackElo "2655"]
[WhiteFideId "100404"]
[BlackFideId "112275"]
[EventDate "2017.04.17"]
[EventType "tourn"]

1. Nf3 Nf6 2. g3 b5 3. Bg2 Bb7 4. O-O e6 5. d3 Be7 6. e4 O-O 7. Re1 d6 8. Nbd2
Nbd7 9. e5 dxe5 10. Nxe5 Bxg2 11. Kxg2 Nxe5 12. Rxe5 Nd5 13. a4 a6 14. Qf3 Nb4
15. axb5 Nxc2 16. Rxa6 Rb8 17. Nc4 Bf6 18. Re2 Nb4 19. Na5 Qd7 20. Nc6 Nxa6 21.
bxa6 Rb6 22. Rc2 Rxa6 23. Bf4 Rb6 24. b4 Rb5 25. Na7 Rf5 26. Rxc7 Qd8 27. Qb7
Qxd3 28. Be3 Rd5 29. h3 Be5 30. Rc8 Qe4+ 0-1